Science Quiz

Random Science Quiz

Random ID questions Quiz Stats

Quiz not verified by Sporcle

Challenge
Share
Tweet
Embed
Score 0/42 Timer 05:00
0 Plays Today
Question Answer % Correct
Syndrome: painful swallowing in an HIV patient esophagitis
100%
41-year old male presents to the ER following a seizure. Physical exam reveals oral thrush and cervical lymphadenopathy. An MRI of his brain shows a single contrast enhancing lesiotoxo
100%
Treatment of CMV gancyclovir
100%
HSV drug assoc w/ TTP/HUS valacyclovir
100%
What syndrome: facial pain, sinus tenderness, purulent nasal discharge, HA, cough… sinusitis
100%
Young person infected w/ HBV: likely to be acute or chronic? chronic
66.7%
Larvae (NOT EGGS) seen in stool. Corticosteroids would be a bad idea. Name that worm. Strongyloides
66.7%
Treatment of HSV 1 and 2 and VZV acyclovir
66.7%
CMV drug associated w/ electrolyte abnormalities foscarnet
66.7%
Before starting a patient from the developing world on steroids, you check the stool for what? larvae
66.7%
Thumbprintepiglot
66.7%
Empyema post surgical – staph
66.7%
Pneumonia in CFpseudo
66.7%
Pneumonia is burn victimpseudo
66.7%
Mechanical ventilation in hospital in elderly or alcoholicklebsiella
66.7%
Alcoholic with apical lower lobe or upper lobe infiltrate – aspiration
66.7%
gram negative diplococcus in the lungmorax
66.7%
A 35 y/o avid outdoorsman presents with muscle swelling and splinter hemorrhages in his nailbeds. Name that worm. trichinella SPIRALIS
33.3%
Fresh water. Cercariae. Skin penetration. Name that worm.Schistosoma
33.3%
Why no corticosteroids for larva currens?Autoinfection
33.3%
Larva currensautoinfection
33.3%
Question Answer % Correct
intestinal perforation shock, sepsis, gram-negative meningitis hemorrhagic pneumonia eosinophilia often absent hyperinfection
33.3%
What do hookworms and ascaris and strongyloides have in commonlung, swallowed for life cycle
33.3%
phosphorylated by TK, guanosine analog, incoporated into DNA chain , which leads to DNA chain termination acyclovir
33.3%
pyrophosphate analog; doesnt require posphorylation by anything. CMVfoscarnet
33.3%
If foscarnet fails, usecidofovir
33.3%
Pruritic serpentine rash hookworm
33.3%
4. Winter, 3 m/o w/ respiratory distress? Bronchiolitis.RSV
33.3%
Prophylaxis of RSVSynegis
33.3%
RSV in the springhMPV
33.3%
ELISA for galactomannan or beta glucan: dermato
33.3%
Funci dx with Complement fixation titer: cocci
33.3%
GMS or immunoflourescent stain of sputum obtained by BAL: PCP
33.3%
Fungal tx; SE of adrenal excessitra
33.3%
Spread by rat excrement: Hanta
33.3%
3. Sore throat + fever + rash that doesn’t desquamate… coxsackie A
33.3%
5. Sore throat, really bad breath, +/- swelling in submandibular area… Ludwig
33.3%
Pneumonia in neutropenic from chemo, leukemia, GvHD, AIDS with CDaspergillus
33.3%
CNS problems with pulm manifestation Nocardia
33.3%
Parvo in hemoglobinopathy (sickle cell; hereditary sphero) aplastic CRISIS
33.3%
gram negative diploccocus in CSFneiss
33.3%
Parvo in Immmunocompromised pt: pure RBC aplasia
0%

You're not logged in!

Compare scores with friends on all Sporcle quizzes.
Join for Free
OR
Log In

You Might Also Like...

Show Comments

Extras

Created Jun 25, 2012ReportNominate
Tags:extra

Top Quizzes Today


Score Distribution

Your Account Isn't Verified!

In order to create a playlist on Sporcle, you need to verify the email address you used during registration. Go to your Sporcle Settings to finish the process.

Report this User

Report this user for behavior that violates our Community Guidelines.

Details: